[Event "38th Nezhmetdinov Mem"]
[Site "Kazan RUS"]
[Date "2016.05.31"]
[Round "1.27"]
[White "Khegay, Dmitriy"]
[Black "Gagarin, Sergey"]
[Result "1-0"]
[WhiteTitle "FM"]
[WhiteElo "2434"]
[BlackElo "1997"]
[WhiteFideId "24153729"]
[BlackFideId "24175463"]
[EventDate "2016.05.31"]

1. d4 Nf6 2. c4 e6 3. Nc3 Bb4 4. Qb3 c5 5. dxc5 Nc6 6. Nf3 Ne4 7. Bd2 Nxd2 8.
Nxd2 Bxc5 9. g3 b6 10. Bg2 Bb7 11. O-O O-O 12. e3 f5 13. Rfd1 Qc8 14. Rac1 Na5
15. Qc2 Bxg2 16. Kxg2 Nc6 17. a3 Qb7 18. Kg1 Ne5 19. Nb5 a6 20. Nd4 Bxd4 21.
exd4 Nf3+ 22. Nxf3 Qxf3 23. Qc3 Qxc3 24. Rxc3 f4 25. c5 fxg3 26. hxg3 Rab8 27.
c6 dxc6 28. Rxc6 Rf6 29. Re1 Kf7 30. Rc7+ Kf8 31. Rc6 Kf7 32. Re3 Rd8 33. Re4
Rb8 34. b4 a5 35. b5 a4 36. Rc7+ Kf8 37. Kg2 Rf5 38. Rg4 Rxb5 39. Rgxg7 Rb3 40.
Rxh7 Kg8 41. Rcg7+ Kf8 42. Rg4 Rd8 43. d5 exd5 44. Rxa4 Kg8 45. Rah4 Rd6 46.
Rh8+ Kf7 47. R4h7+ Ke6 48. Rh6+ Kd7 49. Rd8+ Kxd8 50. Rxd6+ Kc7 51. Rxd5 Rxa3
52. g4 Kc6 53. Rd1 b5 54. g5 b4 55. f4 b3 56. g6 b2 57. g7 Ra8 58. f5 Rd8 59.
Rxd8 b1=Q 60. g8=Q Qe4+ 61. Kg3 Qe5+ 62. Kg4 Qe4+ 63. Kg5 Qg2+ 64. Kf6 Qb2+ 65.
Kf7 Qb3+ 66. Kf8 1-0

[Event "38th Nezhmetdinov Mem"]
[Site "Kazan RUS"]
[Date "2016.05.31"]
[Round "1.28"]
[White "Shkuro, Alexandr"]
[Black "Vignesh, N R"]
[Result "0-1"]
[BlackTitle "IM"]
[WhiteElo "1992"]
[BlackElo "2432"]
[WhiteFideId "4174160"]
[BlackFideId "25012215"]
[EventDate "2016.05.31"]

1. d4 Nf6 2. c4 e6 3. Nf3 Bb4+ 4. Nc3 d5 5. Bg5 Nbd7 6. e3 c5 7. a3 Bxc3+ 8.
bxc3 Qa5 9. Qb3 Ne4 10. Rc1 cxd4 11. cxd5 Nxg5 12. Nxg5 dxe3 13. Nxf7 exf2+ 14.
Kd1 O-O 15. dxe6 Nc5 16. Qb4 Qxb4 17. cxb4 Bxe6 18. Nh6+ gxh6 19. Rxc5 Rad8+ 20.
Kc1 Bd5 21. h4 b6 22. Rc3 Rde8 23. Rd3 Re1+ 24. Rd1 Bb3 0-1

[Event "38th Nezhmetdinov Mem"]
[Site "Kazan RUS"]
[Date "2016.05.31"]
[Round "1.29"]
[White "Faizrakhmanov, Ramil"]
[Black "Novikov, Roman"]
[Result "1-0"]
[WhiteTitle "FM"]
[WhiteElo "2422"]
[BlackElo "1981"]
[WhiteFideId "24103209"]
[BlackFideId "24198498"]
[EventDate "2016.05.31"]

1. d4 Nf6 2. c4 e6 3. Nf3 d5 4. Nc3 c5 5. cxd5 exd5 6. g3 Nc6 7. Bg2 Bg4 8. Be3
cxd4 9. Nxd4 Bb4 10. O-O h6 11. Nxc6 bxc6 12. Qa4 Bxc3 13. Qxc6+ Kf8 14. Qxc3
Bxe2 15. Rfe1 Bg4 16. Bc5+ Kg8 17. Be7 Qb6 18. Bxf6 Qxf6 19. Qxf6 gxf6 20. Bxd5
Rd8 21. Bb3 Rd2 22. Re7 Bh5 23. Rc1 Rxb2 24. Bxf7+ Bxf7 25. Rc8+ Kg7 26. Rxh8
Kxh8 27. Rxf7 Rxa2 28. Rxf6 Kg7 29. Rc6 a5 30. Ra6 a4 31. g4 a3 32. Kg2 Ra1 33.
h4 a2 34. h5 Kf7 35. Kf3 Ke7 36. Kf4 Kf7 37. Kf5 Ke7 38. Ra7+ Kd6 39. f3 Rf1 40.
Rxa2 Rxf3+ 41. Kg6 Rf4 42. Rg2 1-0

[Event "38th Nezhmetdinov Mem"]
[Site "Kazan RUS"]
[Date "2016.05.31"]
[Round "1.30"]
[White "Matskevich, Ivan"]
[Black "Mohammad, Nubairshah Shaikh"]
[Result "0-1"]
[WhiteElo "1976"]
[BlackElo "2413"]
[WhiteFideId "34191930"]
[BlackFideId "5053196"]
[EventDate "2016.05.31"]

1. e4 c5 2. Nc3 a6 3. a4 e6 4. g3 d5 5. exd5 exd5 6. d4 Nf6 7. Nge2 Bg4 8. Bg2
cxd4 9. Qxd4 Nc6 10. Qe3+ Be7 11. h3 Bf5 12. Nd4 Nxd4 13. Qxd4 Bxc2 14. Nxd5
Nxd5 15. Qxd5 Qxd5 16. Bxd5 O-O-O 17. Bf3 Bd3 18. Be2 Bb4+ 19. Kf1 Be4 20. f3
Bc6 21. Kg2 Rhe8 22. Bc4 b5 23. axb5 axb5 24. Bf1 Re1 25. Ra6 Rxc1 26. Bxb5 Rd2+ 0-1

[Event "38th Nezhmetdinov Mem"]
[Site "Kazan RUS"]
[Date "2016.05.31"]
[Round "1.31"]
[White "Tunik, Gennady"]
[Black "Mischeryakov, Alexey"]
[Result "1/2-1/2"]
[WhiteTitle "GM"]
[WhiteElo "2404"]
[BlackElo "1976"]
[WhiteFideId "4101219"]
[BlackFideId "34156434"]
[EventDate "2016.05.31"]

1. d4 d5 2. c4 c6 3. Nf3 e6 4. Qc2 dxc4 5. Qxc4 b5 6. Qd3 Bb7 7. e3 Nf6 8. Be2
Be7 9. O-O O-O 10. Nbd2 Nbd7 11. Nb3 a5 12. a4 b4 13. Re1 c5 14. dxc5 Nxc5 15.
Nxc5 Bxc5 16. Qxd8 Rfxd8 17. Ne5 Nd7 18. Nc4 Nb6 19. Nd2 Be7 20. Bf3 Bxf3 21.
gxf3 Bf6 22. Ne4 Nc4 23. Rb1 b3 24. Nxf6+ gxf6 25. e4 Rac8 26. Bh6 Nd2 27. Kh1
Nxb1 28. Rg1+ Kh8 29. Bg7+ Kg8 30. Bh6+ Kh8 31. Bg7+ 1/2-1/2

[Event "38th Nezhmetdinov Mem"]
[Site "Kazan RUS"]
[Date "2016.05.31"]
[Round "1.32"]
[White "Isaykin, Artem"]
[Black "Isajevsky, Anton"]
[Result "0-1"]
[BlackTitle "FM"]
[WhiteElo "1973"]
[BlackElo "2403"]
[WhiteFideId "34165344"]
[BlackFideId "4142500"]
[EventDate "2016.05.31"]

1. e4 e5 2. Nf3 Nc6 3. Bb5 a6 4. Ba4 Nf6 5. d3 b5 6. Bb3 Be7 7. O-O d6 8. c3 O-O
9. Nbd2 Na5 10. Bc2 c5 11. Re1 Re8 12. Nf1 Bf8 13. Ng3 g6 14. h3 Bg7 15. Bg5 h6
16. Be3 Kh7 17. Nh2 Bb7 18. f4 Rc8 19. f5 d5 20. Qe2 d4 21. Bd2 c4 22. Rad1 dxc3
23. Bxc3 b4 24. Bd2 Qd4+ 25. Qe3 Qxb2 26. Ba4 c3 27. Bxe8 Nxe8 28. Rb1 Qxd2 29.
Qxd2 cxd2 30. Red1 Nc6 31. Rxd2 Nd6 32. Ng4 a5 33. Ne3 Nd4 34. Ne2 gxf5 35. Nxd4
exd4 36. Nxf5 Nxf5 37. exf5 Bd5 38. g4 Bf6 39. Rh2 Rc3 40. Rd1 Ra3 41. Rdd2 Bg5
42. Rc2 Rxd3 43. h4 Be3+ 0-1

[Event "38th Nezhmetdinov Mem"]
[Site "Kazan RUS"]
[Date "2016.05.31"]
[Round "1.33"]
[White "Yagupov, Igor"]
[Black "Mirzaeva, Gulnara"]
[Result "1-0"]
[WhiteTitle "GM"]
[WhiteElo "2400"]
[BlackElo "1973"]
[WhiteFideId "4113632"]
[BlackFideId "24178780"]
[EventDate "2016.05.31"]

1. e4 c5 2. Nf3 Nc6 3. d4 cxd4 4. Nxd4 g6 5. c4 Bg7 6. Be3 Nf6 7. Nc3 d6 8. Be2
O-O 9. O-O Bd7 10. Nc2 a5 11. b3 Nb4 12. Nd4 Ne8 13. Qd2 Nc7 14. Rad1 Ne6 15.
Ndb5 Bc6 16. f3 Qb8 17. Na4 Be8 18. a3 Nc6 19. Nb6 Ra6 20. Nd5 Qd8 21. f4 Ra8
22. b4 axb4 23. axb4 Nb8 24. f5 gxf5 25. exf5 Bxb5 26. cxb5 Nd7 27. fxe6 fxe6
28. Nf4 Qe8 29. Bh5 Qc8 30. Rc1 Qb8 31. Nxe6 Rxf1+ 32. Rxf1 Ra1 33. Nxg7 Rxf1+
34. Kxf1 Qf8+ 35. Bf3 Qxg7 36. Bd5+ Kh8 37. Bxb7 1-0

[Event "38th Nezhmetdinov Mem"]
[Site "Kazan RUS"]
[Date "2016.05.31"]
[Round "1.34"]
[White "Tretyakov, Stepan"]
[Black "Ponfilenok, Vladimir"]
[Result "0-1"]
[WhiteElo "1967"]
[BlackElo "2395"]
[WhiteFideId "24198820"]
[BlackFideId "24113522"]
[EventDate "2016.05.31"]

1. d4 e6 2. c4 f5 3. Nf3 Nf6 4. Nc3 Bb4 5. Bf4 Bxc3+ 6. bxc3 O-O 7. e3 b6 8. Bd3
Bb7 9. O-O d6 10. h3 Nbd7 11. Bh2 Qe7 12. Nd2 g6 13. Re1 e5 14. e4 f4 15. f3 c5
16. d5 g5 17. Kf2 Rf7 18. Ke2 Nf8 19. Bg1 Ng6 20. Bf2 h5 21. Rh1 Rh7 22. Qa4 Bc8
23. Rag1 Bd7 24. Qb3 Rb8 25. a4 Qe8 26. Ra1 Qc8 27. Nb1 Be8 28. Na3 Rbb7 29. Nc2
g4 30. hxg4 hxg4 31. Rhg1 Rh2 32. Kf1 g3 33. Be1 Nh4 34. Na3 Nxf3 0-1

[Event "38th Nezhmetdinov Mem"]
[Site "Kazan RUS"]
[Date "2016.05.31"]
[Round "1.35"]
[White "Yandemirov, Valeri"]
[Black "Ashrafzianov, Igor"]
[Result "1-0"]
[WhiteTitle "GM"]
[WhiteElo "2388"]
[BlackElo "1962"]
[WhiteFideId "4102622"]
[BlackFideId "24122572"]
[EventDate "2016.05.31"]

1. e4 d5 2. exd5 Nf6 3. Nf3 Nxd5 4. d4 g6 5. Be2 Bg7 6. O-O O-O 7. c4 Nb6 8. h3
Nc6 9. Be3 e5 10. d5 Ne7 11. Nc3 Nf5 12. Bg5 f6 13. Bd2 Re8 14. Ne4 Nd6 15. Nxd6
cxd6 16. Ba5 Qe7 17. c5 dxc5 18. d6 Qf7 19. Rc1 Be6 20. Rxc5 Bxa2 21. Rc7 Qd5
22. Qa1 Qxa5 23. b4 Qa4 24. Nd2 Bd5 25. Qc3 Red8 26. Qc5 Qe8 27. Rd1 Bf8 28. Nc4
Bxc4 29. Bxc4+ Nxc4 30. Qxc4+ Kh8 31. d7 Qe7 32. Rc8 Qxb4 33. Rxa8 Rxa8 34. Qc8
Rxc8 35. dxc8=Q a5 36. Rd7 Qc5 37. Qd8 Qc1+ 38. Rd1 Qc5 39. Qxf6+ 1-0

[Event "38th Nezhmetdinov Mem"]
[Site "Kazan RUS"]
[Date "2016.05.31"]
[Round "1.36"]
[White "Tishova, Svetlana"]
[Black "Kanter, Eduard"]
[Result "0-1"]
[BlackTitle "IM"]
[WhiteElo "1946"]
[BlackElo "2375"]
[WhiteFideId "24173550"]
[BlackFideId "4103963"]
[EventDate "2016.05.31"]

1. e4 c5 2. Nf3 d6 3. d4 cxd4 4. Qxd4 Nc6 5. Bb5 Bd7 6. Bxc6 Bxc6 7. Nc3 h6 8.
Be3 e5 9. Qd3 Nf6 10. Nd2 d5 11. exd5 Nxd5 12. O-O Nxe3 13. Qxe3 Qg5 14. Qxg5
hxg5 15. Nc4 f6 16. Na5 Bd7 17. Rfd1 O-O-O 18. Ne4 Be7 19. Nc4 Kc7 20. Ne3 Be6
21. c4 Rh4 22. Nc3 Bc5 23. g3 Rhh8 24. Ned5+ Kc8 25. Rac1 a6 26. b4 Bd4 27. Ne2
Ba7 28. Nec3 Bg4 29. Rd3 Bd4 30. Ne3 Bf3 31. Ncd5 Rxh2 32. Nb6+ Kb8 33. Nd7+ Ka7 0-1

[Event "38th Nezhmetdinov Mem"]
[Site "Kazan RUS"]
[Date "2016.05.31"]
[Round "1.37"]
[White "Nikitenko, Mihail"]
[Black "Lilov, Aleksandr"]
[Result "1/2-1/2"]
[WhiteElo "2374"]
[BlackElo "1935"]
[WhiteFideId "13506862"]
[BlackFideId "24180513"]
[EventDate "2016.05.31"]

1. e4 e5 2. Nf3 Nc6 3. Bb5 f5 4. d3 fxe4 5. dxe4 Nf6 6. O-O d6 7. Qd3 Bg4 8. a4
Qd7 9. Nbd2 Be7 10. Bc4 Nh5 11. Re1 Rf8 12. c3 Nf4 13. Qf1 Rf6 14. Re3 Nxg2 15.
Qxg2 Rg6 16. Nxe5 Nxe5 17. Rg3 Bh4 18. Bb5 c6 19. Bf1 Bxg3 20. hxg3 Rh6 21. f4
Bh3 22. Qe2 Nf7 23. f5 Bxf1 24. Nxf1 Rf6 25. Nh2 Ne5 26. Bf4 O-O-O 27. Bg5 Rg8
28. Bxf6 gxf6 29. Nf1 Rg4 30. Qe3 d5 31. Qh6 Nf3+ 32. Kh1 dxe4 33. Qxf6 Rg5 34.
Qe6 Rxf5 35. Qxd7+ Kxd7 36. Kg2 Rd5 37. a5 Ke6 38. Ra4 Ke5 39. Ne3 Rd2+ 40. Kf1
Nh2+ 1/2-1/2

[Event "38th Nezhmetdinov Mem"]
[Site "Kazan RUS"]
[Date "2016.05.31"]
[Round "1.38"]
[White "Shaidullin, Askar"]
[Black "Korniushin, Nikolay"]
[Result "0-1"]
[BlackTitle "IM"]
[WhiteElo "1934"]
[BlackElo "2348"]
[WhiteFideId "34159662"]
[BlackFideId "4123808"]
[EventDate "2016.05.31"]

1. d4 Nf6 2. Nf3 g6 3. g3 Bg7 4. Bg2 O-O 5. O-O d5 6. Bf4 c5 7. c3 Qb6 8. Qc1
Nc6 9. Ne5 cxd4 10. Nxc6 bxc6 11. cxd4 Ba6 12. Qd2 Nd7 13. Rd1 e5 14. dxe5 Nxe5
15. Bxe5 Bxe5 16. Nc3 Rab8 17. Rab1 Bxc3 18. Qxc3 Bxe2 19. Rd2 Ba6 20. h4 h5 21.
Bf3 Rfe8 22. a3 Re6 23. Kg2 Rbe8 0-1

[Event "38th Nezhmetdinov Mem"]
[Site "Kazan RUS"]
[Date "2016.05.31"]
[Round "1.39"]
[White "Gubajdullin, Alexei"]
[Black "Akhtariev, Andrey"]
[Result "0-1"]
[WhiteTitle "FM"]
[WhiteElo "2346"]
[BlackElo "1927"]
[WhiteFideId "4141202"]
[BlackFideId "34112275"]
[EventDate "2016.05.31"]

1. Nf3 e6 2. b3 b6 3. Bb2 Bb7 4. e3 Nf6 5. d4 d5 6. Nbd2 Nbd7 7. Bd3 Bd6 8. Ne5
O-O 9. O-O c5 10. f4 Ne4 11. Nxe4 dxe4 12. Bc4 Nf6 13. Ng4 Nd5 14. f5 Qg5 15.
Bxd5 exd5 16. f6 g6 17. Qe2 Ba6 18. Qxa6 Qxg4 19. dxc5 Bxc5 20. Rfe1 Rac8 21.
Qe2 Qg5 22. Rad1 Rfd8 23. Qf2 b5 24. Re2 Bb6 25. Kh1 Rc6 26. h3 h5 27. h4 Qg4
28. Be5 Rxc2 0-1

[Event "38th Nezhmetdinov Mem"]
[Site "Kazan RUS"]
[Date "2016.05.31"]
[Round "1.40"]
[White "Shafigullina, Zarina"]
[Black "Sargissyan, Sargis"]
[Result "0-1"]
[BlackTitle "FM"]
[WhiteElo "1901"]
[BlackElo "2340"]
[WhiteFideId "24174220"]
[BlackFideId "13303210"]
[EventDate "2016.05.31"]

1. d4 d6 2. Nf3 Nf6 3. c4 g6 4. Nc3 Bg7 5. g3 O-O 6. Bg2 Nbd7 7. O-O e5 8. e4 c6
9. h3 exd4 10. Nxd4 Re8 11. Be3 Nc5 12. Qc2 Qe7 13. Rfe1 Nfd7 14. f4 Nb6 15. b3
a5 16. Rad1 a4 17. Qf2 axb3 18. axb3 Nbd7 19. e5 dxe5 20. Nxc6 bxc6 21. Bxc6 Bb7
22. Bxc5 Nxc5 23. Nd5 Qf8 24. Bxe8 Rxe8 25. Nc7 Rc8 26. Nb5 exf4 27. Qxf4 Ne6
28. Qe3 Qb4 29. Rf1 Bf8 30. Kh2 Bc5 31. Qc3 Ra8 32. Qxb4 Bxb4 33. Ra1 Re8 34. h4
Nc5 35. Ra2 Nxb3 36. Rb1 Nd2 37. Rxb4 Re2+ 38. Kh3 Bg2+ 39. Kg4 Re4+ 40. Kg5 Kg7
41. Ra7 h6# 0-1

[Event "38th Nezhmetdinov Mem"]
[Site "Kazan RUS"]
[Date "2016.05.31"]
[Round "1.41"]
[White "Fakhrutdinov, Timur"]
[Black "Asafiev, Ignat"]
[Result "1-0"]
[WhiteTitle "FM"]
[WhiteElo "2336"]
[BlackElo "1880"]
[WhiteFideId "24176702"]
[BlackFideId "34142573"]
[EventDate "2016.05.31"]

1. e4 c5 2. Nf3 d6 3. d4 cxd4 4. Nxd4 Nf6 5. Nc3 g6 6. Be3 Bg7 7. f3 O-O 8. Qd2
Nc6 9. Bc4 Bd7 10. Bb3 Rc8 11. O-O-O Ne5 12. h4 Nc4 13. Bxc4 Rxc4 14. h5 Nxh5
15. g4 Nf6 16. Nde2 Qa5 17. Bh6 Rfc8 18. Bxg7 Kxg7 19. Qh6+ Kg8 20. Rd3 b5 21.
e5 dxe5 22. Rxd7 e6 23. Rd2 b4 24. g5 Nh5 25. Rxh5 gxh5 26. Ng3 Rxc3 27. Ne4 f6
28. Nxf6+ Kf7 29. Rd7# 1-0

[Event "38th Nezhmetdinov Mem"]
[Site "Kazan RUS"]
[Date "2016.05.31"]
[Round "1.42"]
[White "Dolgaeva, Evgenia"]
[Black "Pershin, Denis"]
[Result "0-1"]
[WhiteElo "1879"]
[BlackElo "2336"]
[WhiteFideId "24174564"]
[BlackFideId "24165506"]
[EventDate "2016.05.31"]

1. e4 c5 2. Nf3 Nc6 3. d3 d5 4. Nbd2 Nf6 5. g3 e6 6. Bg2 Bd6 7. O-O O-O 8. Re1
Bc7 9. c3 dxe4 10. dxe4 e5 11. Qe2 a6 12. Nc4 Be6 13. Bg5 h6 14. Rad1 Qe7 15.
Bxf6 Qxf6 16. Ne3 Ne7 17. Nd5 Bxd5 18. exd5 Ng6 19. d6 Bxd6 20. Nd2 Be7 21. Bxb7
Rab8 22. Qe4 Kh8 23. Nc4 Qg5 24. Rd7 f5 25. Qg2 e4 26. Red1 Qf6 27. Qf1 Rfe8 28.
Ne3 Ne5 29. Nd5 Qf8 30. Nxe7 Rxe7 31. Rxe7 Qxe7 32. Bxa6 Nf3+ 33. Kh1 Rxb2 34.
Be2 Rxa2 35. Bc4 Rc2 36. Bb3 Rd2 37. Ra1 Qd8 38. Qg2 Kh7 39. Qf1 e3 40. Qh3 Rxf2
41. Qxf5+ Kh8 42. Ra2 Rxa2 43. Bxa2 e2 0-1

[Event "38th Nezhmetdinov Mem"]
[Site "Kazan RUS"]
[Date "2016.05.31"]
[Round "1.43"]
[White "Severina, Maria"]
[Black "Gismatullin, Sayar"]
[Result "1/2-1/2"]
[WhiteTitle "WIM"]
[WhiteElo "2330"]
[BlackElo "1875"]
[WhiteFideId "4116909"]
[BlackFideId "34110930"]
[EventDate "2016.05.31"]

1. d4 Nf6 2. g3 e6 3. Bg2 Be7 4. c4 d6 5. Nf3 O-O 6. Nc3 Nbd7 7. O-O Re8 8. e4
e5 9. Qc2 Bf8 10. d5 a5 11. b3 g6 12. a3 Nh5 13. Na4 Nc5 14. Nxc5 dxc5 15. Bb2
Bg7 16. Rfe1 b6 17. Bc3 Qd6 18. Qb2 Ba6 19. Nd2 Nf6 20. f4 Nd7 21. Nf3 f6 22.
fxe5 Nxe5 23. Nxe5 fxe5 24. Bh3 Bc8 25. Bxc8 Raxc8 26. b4 axb4 27. axb4 Rf8 28.
Rf1 Rce8 29. Qa3 Bh6 30. bxc5 bxc5 31. Bb2 Rb8 32. Rxf8+ Rxf8 33. Rf1 Rb8 34.
Qf3 Rf8 35. Qc3 Re8 36. Ba3 Rb8 37. Kh1 Rf8 38. Rxf8+ Bxf8 39. Bb2 Bg7 40. Kg2
Bf6 41. Qa3 Kg7 42. Qa1 Kf7 43. Bc3 Kg7 44. Qa8 Qf8 45. Qc6 Qd6 46. Qe8 Be7 47.
Ba5 Bf6 48. Bc3 Be7 1/2-1/2

[Event "38th Nezhmetdinov Mem"]
[Site "Kazan RUS"]
[Date "2016.05.31"]
[Round "1.44"]
[White "Galiev, Irek"]
[Black "Samusenko, Maksim"]
[Result "1/2-1/2"]
[BlackTitle "FM"]
[WhiteElo "1859"]
[BlackElo "2329"]
[WhiteFideId "34147150"]
[BlackFideId "4112253"]
[EventDate "2016.05.31"]

1. d4 Nf6 2. Nf3 d6 3. c4 g6 4. Nc3 Bg7 5. e4 O-O 6. Be2 c6 7. O-O Na6 8. h3 e5
9. dxe5 dxe5 10. Bg5 h6 11. Bh4 Qc7 12. Bxf6 Bxf6 13. Qd2 Kg7 14. Rad1 Nc5 15.
Bd3 a5 16. Qe3 Be7 17. Bc2 a4 18. Ne2 Be6 19. Qc3 Bf6 20. Rd2 Rfd8 21. Rfd1 Rxd2
22. Rxd2 Nd7 23. Rd1 Kh7 24. Rc1 Be7 25. Rd1 Bc5 26. Nc1 f6 27. Nd3 Be7 28. b3
axb3 29. axb3 Ra3 30. Ra1 Rxa1+ 31. Qxa1 Nc5 32. Nxc5 Bxc5 33. Qc3 Qe7 34. Ne1
Bd4 35. Qd2 Qa3 36. Nd3 Kg7 37. Kh2 Bf7 38. Bd1 h5 39. Ne1 Qa7 40. Kg1 Be6 41.
Nc2 Qa2 42. Qd3 1/2-1/2

[Event "38th Nezhmetdinov Mem"]
[Site "Kazan RUS"]
[Date "2016.05.31"]
[Round "1.45"]
[White "Obolentseva, Alexandra"]
[Black "Chumak, Dmitrii"]
[Result "1-0"]
[WhiteTitle "WFM"]
[WhiteElo "2324"]
[BlackElo "1826"]
[WhiteFideId "24153648"]
[BlackFideId "34106658"]
[EventDate "2016.05.31"]

1. d4 c6 2. c4 d5 3. Nf3 Bf5 4. Qb3 Qc7 5. cxd5 cxd5 6. Nc3 e6 7. g3 a6 8. Bf4
Qc8 9. Rc1 Nc6 10. Bg2 Bb4 11. O-O Bxc3 12. Rxc3 Nge7 13. Qb6 O-O 14. Rb3 Bc2
15. Rc3 Bf5 16. Rfc1 Ng6 17. Bc7 f6 18. Nd2 Rf7 19. Bd6 Qd7 20. Ba3 e5 21. Nb3
e4 22. Nc5 Qd8 23. Qxd8+ Nxd8 24. e3 b6 25. Na4 Rb8 26. Bd6 Rbb7 27. b3 b5 28.
Nb2 Ne7 29. Rc5 Be6 30. Bf1 Nec6 31. Rxc6 Nxc6 32. Rxc6 a5 33. Bc5 Bd7 34. Ra6
Rb8 35. Nd1 a4 36. b4 Bc8 37. Rd6 Rd7 38. Rc6 Bb7 39. Rb6 Rc8 40. Bxb5 Rf7 41.
a3 1-0

[Event "38th Nezhmetdinov Mem"]
[Site "Kazan RUS"]
[Date "2016.05.31"]
[Round "1.46"]
[White "Spiridonova, Yana"]
[Black "Karpeshov, Oleg"]
[Result "0-1"]
[BlackTitle "IM"]
[WhiteElo "1824"]
[BlackElo "2323"]
[WhiteFideId "24174262"]
[BlackFideId "4106814"]
[EventDate "2016.05.31"]

1. d4 Nf6 2. c4 e6 3. Nc3 Bb4 4. a3 Bxc3+ 5. bxc3 b6 6. Bg5 h6 7. Bxf6 Qxf6 8.
e4 Bb7 9. f3 c5 10. Qd2 cxd4 11. cxd4 Nc6 12. Rd1 O-O 13. Nh3 Rac8 14. Be2 d6
15. d5 Ne5 16. dxe6 fxe6 17. O-O Rfd8 18. Qb4 Nc6 19. Qa4 Qe5 20. Kh1 Qa5 21.
Qb3 Qc5 22. Nf4 Re8 23. Qd3 Rcd8 24. Rc1 Qe5 25. Qd2 Qg5 26. Rfd1 Kh8 27. g3 e5
28. Nd5 Qg6 29. Qe3 Rc8 30. Bf1 Nd4 31. Bh3 Rc5 32. Nb4 Nxf3 33. Bf5 Qh5 34. Qe2
Qxf5 35. exf5 Nd4+ 36. Qg2 Bxg2+ 37. Kxg2 Nxf5 38. Kf3 Rec8 39. Ke4 Nd4 40. Kd3
b5 41. Na6 bxc4+ 0-1

[Event "38th Nezhmetdinov Mem"]
[Site "Kazan RUS"]
[Date "2016.05.31"]
[Round "1.47"]
[White "Murtazin, Bulat"]
[Black "Shkalikova, Marina"]
[Result "1-0"]
[WhiteTitle "FM"]
[WhiteElo "2319"]
[BlackElo "1823"]
[WhiteFideId "24151351"]
[BlackFideId "34111333"]
[EventDate "2016.05.31"]

1. d4 Nf6 2. c4 c5 3. d5 b5 4. cxb5 a6 5. bxa6 g6 6. Nc3 Bxa6 7. e4 Bxf1 8. Kxf1
d6 9. Nf3 Nbd7 10. g3 Bg7 11. Kg2 O-O 12. Qe2 Ne8 13. Bf4 Bxc3 14. bxc3 f6 15.
Rhb1 Ra7 16. Bh6 Ng7 17. Ne1 Qa8 18. Nd3 Rb8 19. Rxb8+ Qxb8 20. Nf4 Ne8 21. Ne6
Ne5 22. Bf4 Nf7 23. Qc2 Ng7 24. Rb1 Qa8 25. Rb2 Nxe6 26. dxe6 Nd8 27. Qb1 Rb7
28. Rxb7 Nxb7 29. Qb5 g5 30. Be3 Kf8 31. Qc6 Qb8 32. h4 h6 33. a4 Nd8 34. Qd5
Qc8 35. a5 Nc6 36. Qf5 Nxa5 37. hxg5 hxg5 38. f4 Nc4 39. Bc1 gxf4 40. Bxf4 Ke8
41. Qg6+ Kd8 42. Qf7 Qc6 43. Kh3 Qe8 44. g4 Qh8+ 45. Kg3 Ne5 46. Qh5 Qe8 47.
Bxe5 dxe5 48. Qxe8+ Kxe8 49. g5 Kf8 50. Kg4 c4 51. Kf5 Kg7 52. gxf6+ exf6 53. e7 1-0

[Event "38th Nezhmetdinov Mem"]
[Site "Kazan RUS"]
[Date "2016.05.31"]
[Round "1.48"]
[White "Danilova, Rada"]
[Black "Dzhangobegov, Vladimir"]
[Result "0-1"]
[BlackTitle "FM"]
[WhiteElo "1808"]
[BlackElo "2315"]
[WhiteFideId "34156760"]
[BlackFideId "4180984"]
[EventDate "2016.05.31"]

1. d4 Nf6 2. c4 g6 3. Nc3 Bg7 4. e4 d6 5. f3 O-O 6. Be3 Nfd7 7. Nge2 c5 8. Qd2
Nc6 9. d5 Nce5 10. Nc1 Nb6 11. b3 e6 12. Rb1 exd5 13. Nxd5 Nxd5 14. cxd5 f5 15.
exf5 Bxf5 16. Bd3 Nxd3+ 17. Nxd3 Re8 18. Kf1 Bc3 19. Qxc3 Rxe3 20. Rd1 Qh4 21.
g3 Rxf3+ 22. Nf2 Qh3+ 23. Kg1 Rxc3 24. Nxh3 Bxh3 0-1

[Event "38th Nezhmetdinov Mem"]
[Site "Kazan RUS"]
[Date "2016.05.31"]
[Round "1.49"]
[White "Musaev, Rasul"]
[Black "Kovaleva, Ekaterina"]
[Result "1-0"]
[WhiteTitle "FM"]
[WhiteElo "2310"]
[BlackElo "1786"]
[WhiteFideId "24146870"]
[BlackFideId "34128252"]
[EventDate "2016.05.31"]

1. e4 e5 2. Nf3 Nc6 3. Bb5 Nf6 4. O-O Nxe4 5. d4 Nd6 6. Bxc6 dxc6 7. dxe5 Nf5 8.
Qxd8+ Kxd8 9. Nc3 Be6 10. Ng5 Kc8 11. Rd1 h6 12. Nxe6 fxe6 13. Ne2 Bc5 14. g4
Nh4 15. Bf4 Rd8 16. Bg3 Nf3+ 17. Kg2 Nd4 18. Nxd4 Bxd4 19. c3 Bc5 20. f4 g6 21.
Bh4 Rd5 22. Kf3 Kd7 23. c4 Rxd1 24. Rxd1+ Ke8 25. Bf6 Be7 26. Ke4 Rb8 27. Rd3 b5
28. c5 b4 29. Rh3 Bf8 30. f5 gxf5+ 31. gxf5 exf5+ 32. Kxf5 Rb5 33. Rd3 Be7 34.
Ke6 Bxf6 35. exf6 Rb8 36. f7+ Kf8 37. Rg3 1-0

[Event "38th Nezhmetdinov Mem"]
[Site "Kazan RUS"]
[Date "2016.05.31"]
[Round "1.50"]
[White "Karamov, Stepan"]
[Black "Ambartsumova, Karina"]
[Result "1-0"]
[BlackTitle "WGM"]
[WhiteElo "1785"]
[BlackElo "2307"]
[WhiteFideId "24198145"]
[BlackFideId "4166299"]
[EventDate "2016.05.31"]

1. d4 Nf6 2. c4 d6 3. Nf3 Nbd7 4. Nc3 e5 5. e3 Be7 6. Be2 O-O 7. O-O Re8 8. Qc2
Bf8 9. a3 c6 10. b4 a6 11. Bb2 e4 12. Nd2 d5 13. b5 axb5 14. cxb5 c5 15. dxc5
Nxc5 16. Nb3 Nxb3 17. Qxb3 Be6 18. Qc2 Bd6 19. Rfd1 Qc7 20. h3 Qe7 21. a4 Rec8
22. a5 Bb8 23. a6 b6 24. Qd2 Ra7 25. Qd4 Qd6 26. g3 Rd7 27. a7 Bxa7 28. Nxe4 Qe7
29. Nxf6+ Qxf6 30. Qxf6 gxf6 31. Bxf6 Bxh3 32. g4 h5 33. gxh5 Bf5 34. Rdc1 Rdc7
35. Rxc7 Rxc7 36. Be5 Rd7 37. Bg3 Kh7 38. Rd1 Kg7 39. Bf3 Be6 40. Bf4 f5 41.
Be5+ Kh7 42. Kh2 1-0

[Event "38th Nezhmetdinov Mem"]
[Site "Kazan RUS"]
[Date "2016.05.31"]
[Round "1.51"]
[White "Glukhov, Alexander"]
[Black "Kurninov, Andrei"]
[Result "0-1"]
[WhiteElo "2286"]
[BlackElo "1772"]
[WhiteFideId "4178882"]
[BlackFideId "4178963"]
[EventDate "2016.05.31"]

1. e4 c5 2. Nf3 d6 3. d4 cxd4 4. Nxd4 Nf6 5. Nc3 a6 6. Be2 e6 7. O-O Be7 8. f4
Nbd7 9. Be3 Qc7 10. Qe1 O-O 11. Bf3 Nb6 12. Rd1 Nc4 13. Bc1 e5 14. Nf5 Bxf5 15.
exf5 exf4 16. Bxf4 Rfe8 17. b3 Bf8 18. Qf2 0-1